Účtovanie o odloženej dani z príjmov v nadväznosti na uzávierkové práce v obchodných spoločnostiach
Rozšírenie okruhu účtovných jednotiek, ktoré sú povinné účtovať o odložených daniach. Dočasné rozdiely, ktoré budú v budúcich účtovných obdobiach tvoriť zdaniteľné a odpočítateľné sumy pri určovaní základu dane z príjmov. Výpočet odloženej dane.
Salvato in:
| Autore principale: | |
|---|---|
| Natura: | Capitolo di libro |
| Lingua: | slovacco |
| Soggetti: | |
| Tags: |
Nessun Tag, puoi essere il primo ad aggiungerne!!
|
MARC
| LEADER | 00000naa$a2200000$$$4500 | ||
|---|---|---|---|
| 001 | 0006742 | ||
| 005 | 20231106065732.0 | ||
| 041 | 0 | |a slo | |
| 044 | |a SK | ||
| 245 | 1 | 0 | |a Účtovanie o odloženej dani z príjmov v nadväznosti na uzávierkové práce v obchodných spoločnostiach |c aut. Anton Kolembus |
| 520 | |a Rozšírenie okruhu účtovných jednotiek, ktoré sú povinné účtovať o odložených daniach. Dočasné rozdiely, ktoré budú v budúcich účtovných obdobiach tvoriť zdaniteľné a odpočítateľné sumy pri určovaní základu dane z príjmov. Výpočet odloženej dane. | ||
| 610 | 2 | 0 | |a dane z príjmov |
| 610 | 2 | 0 | |a dane odložené |
| 610 | 2 | 0 | |a účtovanie |
| 610 | 2 | 0 | |a sadzby daňové |
| 100 | 1 | |a Kolembus, Anton | |